MARC

LEADER 00000nam0a2200000 4500
001 107847
005 20231031115426.0
010 |a 5628002593 
020 |a RU  |b 89-66738 
035 |a (RuTPU)RU\TPU\book\116436 
090 |a 107847 
100 |a 20070108d1989 km y0rusy5003 ca 
101 0 |a rus 
102 |a KZ 
105 |a a z 001zy 
200 1 |a Висмут  |f И. Р. Полывянный, А. Д. Абланов, С. А. Батырбекова  |g Академия наук Казахской ССР (АН КазССР) ; Институт металлургии и обогащения 
210 |a Алма-Ата  |c Наука КазССР  |d 1989 
215 |a 315 с.  |c ил.  |d 21 см 
320 |a Библиогр. в конце глав. 
610 1 |a металловедение 
610 1 |a висмут 
610 1 |a физические свойства 
610 1 |a химические свойства 
610 1 |a минералы 
610 1 |a висмутсодержащие руды 
610 1 |a обогащение 
610 1 |a сырье 
610 1 |a извлечение 
610 1 |a пирометаллургические процессы 
610 1 |a гидрометаллургические процессы 
610 1 |a черновой висмут 
610 1 |a рафинирование 
610 1 |a соли висмута 
610 1 |a производство 
675 |a 669.76  |z rus  |v 3 
700 1 |a Полывянный  |b И. Р.  |g Иван Родионович  |4 070 
701 1 |a Абланов  |b А. Д.  |g Абши Джукенович 
701 1 |a Батырбекова  |b С. А.  |g Софья Абдуловна 
712 0 2 |a Академия наук Казахской ССР (АН КазССР)  |b Институт металлургии и обогащения (ИМО)  |c (Алма-Ата)  |2 stltpush  |3 (RuTPU)RU\TPU\col\6343 
801 0 |a RU  |b RuMRKP  |c 19950417  |g psbo 
801 1 |a RU  |b 63413507  |c 20070108  |g PSBO 
801 2 |a RU  |b 63413507  |c 20091208  |g PSBO 
942 |c BK